00474nam a2200193Ia 4500003000900000008004100009040001300050040001300063041000800076100002100084245008500105250001100190260001200201260000900213300001100222300001000233490002900243490000800272IT-RoPAU120407s9999 xx 000 0 und d aIT-RoPAU cIT-RoPAU aita aMaria I. Macioti aReligione, Chiesa e Strutture sociali. Studi e ricerche di sociologia religiosa. aNapoli aLiguori c1974 a252 p. c21 cm aContributi di sociologia v116